Welcome to the Holygrace Academy Library

Please use search bar below to get started

KIDNAPPED (Record no. 382)

MARC details
000 -LEADER
fixed length control field 00305nam a22001337a 4500
020 ## - INTERNATIONAL STANDARD BOOK NUMBER
ISBN 81-85391-49-1
082 ## - DEWEY DECIMAL CLASSIFICATION NUMBER
Classification number 823
Item number STE/K
245 ## - TITLE STATEMENT
Title KIDNAPPED
Remainder of title SHORT STORY
246 ## - VARYING FORM OF TITLE
Title proper/short title KIDNAPPED
Remainder of title SHORT STORY
260 ## - PUBLICATION, DISTRIBUTION, ETC. (IMPRINT)
Place of publication DELHI
Name of publisher ROHAN BOOK COMPANY
300 ## - PHYSICAL DESCRIPTION
Number of Pages 200
520 ## - SUMMARY, ETC.
Summary, etc CHILDRENS SHORT STORY
942 ## - ADDED ENTRY ELEMENTS (KOHA)
Koha item type Books
Holdings
Withdrawn status Lost status Collection code Home library Current library Shelving location Date acquired Source of acquisition Cost, normal purchase price Full call number Accession Number Koha item type
    Fiction Main Library Main Library Processing Center 04/04/2016 Purchase 30.00 823 STE/K 01792 Books